000 01149nam a22002777a 4500
005 20101206113148.0
008 101206t xxu||||| |||| 00| 0 hin d
010 _aHIN-93198
020 _c150.00
_a9788190988520
035 _aHN-65544
037 _bDBAD/PUB
040 _aDPL
_bHN
082 _a821
100 _924598
_aवैश्य, रामचन्द्र
245 _aगीत बोल उठे /
_cरामचन्द्र वैश्य
246 _aGeet bol uthey
_bby Ram Chandra Vaish
260 _aमेरठ
_bनिरूपमा प्रकाशन
_c2010
270 _bमेरठ (उ.प्र.)
_a506/13, शास्त्री नगर
_k0121- 2709511
_mnirupmaprakashan@gmail.com
300 _a104पृ.
_c22सेमी (सजिल्द)
650 _91169
_aहिन्दी कविता
650 _929580
_aHindi Poetry
700 _924599
700 _924924
942 _2ddc
_cHN
_mवैश्यरा
_h821
999 _c53899
_d53899